ARRUPE JESUIT UNIVERSITY

CORONAVIRUS -STOP THE SPREAD - CLEAN,DISINFECT,COVER

Alternative futures for worship / (Record no. 120474)

MARC details
000 -LEADER
fixed length control field 01294pam a2200277 a 4500
001 - CONTROL NUMBER
control field 3825079
003 - CONTROL NUMBER IDENTIFIER
control field ARRUPE
005 - DATE AND TIME OF LATEST TRANSACTION
control field 20140506134811.0
008 - FIXED-LENGTH DATA ELEMENTS--GENERAL INFORMATION
fixed length control field 861201s1987 mnu b 001 0 eng
010 ## - LIBRARY OF CONGRESS CONTROL NUMBER
LC control number 86027300
020 ## - INTERNATIONAL STANDARD BOOK NUMBER
International Standard Book Number 0814614914 (pbk. : set) :
Terms of availability $49.00
040 ## - CATALOGING SOURCE
Original cataloging agency DLC
Transcribing agency DLC
Modifying agency DLC
050 00 - LIBRARY OF CONGRESS CALL NUMBER
Classification number BX2200
Item number .A49 1987
082 00 - DEWEY DECIMAL CLASSIFICATION NUMBER
Classification number 265
Edition number 19
300 ## - PHYSICAL DESCRIPTION
Dimensions 23 cm.
100 ## - MAIN ENTRY--PERSONAL NAME
Personal name Lee, Bernard J.
9 (RLIN) 10107
245 00 - TITLE STATEMENT
Title Alternative futures for worship /
Statement of responsibility, etc general editor, Bernard J. Lee.
260 ## - PUBLICATION, DISTRIBUTION, ETC. (IMPRINT)
Place of publication, distribution, etc Collegeville, Minn. :
Name of publisher, distributor, etc Liturgical Press,
Date of publication, distribution, etc c1987.
300 ## - PHYSICAL DESCRIPTION
Extent 90p. ;
504 ## - BIBLIOGRAPHY, ETC. NOTE
Bibliography, etc Includes bibliographies and indexes.
505 0# - FORMATTED CONTENTS NOTE
Formatted contents note v. 1. General introduction / volume editor, Regis A. Duffy -- v. 2. Baptism and confirmation / volume editor, Mark Searle -- v. 3. The Eucharist / volume editor, Bernard J. Lee -- v. 4. Reconciliation / volume editor, Peter E. Fink -- v. 5. Christian marriage / volume editor, Bernard Cooke -- v. 6. Leadership ministry in community / volume editor, Michael A. Cowan -- v. 7. Anointing of the sick / volume editor, Peter E. Fink.
610 20 - SUBJECT ADDED ENTRY--CORPORATE NAME
Corporate name or jurisdiction name as entry element Catholic Church
General subdivision Liturgy.
9 (RLIN) 10108
650 #0 - SUBJECT ADDED ENTRY--TOPICAL TERM
Topical term or geographic name as entry element Sacraments (Liturgy)
9 (RLIN) 10109
700 1# - ADDED ENTRY--PERSONAL NAME
Personal name Lee, Bernard J.,
Dates associated with a name 1932-
9 (RLIN) 10110
906 ## - LOCAL DATA ELEMENT F, LDF (RLIN)
a 7
b cbc
c orignew
d 1
e ocip
f 19
g y-gencatlg
942 ## - ADDED ENTRY ELEMENTS (KOHA)
Source of classification or shelving scheme Library of Congress Classification
Koha item type Monograph ( Printed materials)
Holdings
Withdrawn status Lost status Source of classification or shelving scheme Damaged status Not for loan Collection code Home library Current library Shelving location Date acquired Total Checkouts Full call number Barcode Date last seen Copy number Price effective from Koha item type
    Library of Congress Classification     Main Collection ARRUPE LIBRARY ARRUPE LIBRARY Main Collection 06/05/2014   BX2200 .A49 1987 46500001562 06/05/2014 vol. 5 06/05/2014 Monograph ( Printed materials)

 

Arrupe Library. PO Box MP320 Mt Pleasant, Harare, Zimbabwe
263 242 745411|librarian@aju.ac.zw